The Global enterprise : (Record no. 1038)
[ view plain ]
| 000 -LEADER | |
|---|---|
| fixed length control field | 00931nam a22002532 4500 |
| 001 - CONTROL NUMBER | |
| control field | 0000019283 |
| 005 - DATE AND TIME OF LATEST TRANSACTION | |
| control field | 20151021151132.0 |
| 008 - FIXED-LENGTH DATA ELEMENTS--GENERAL INFORMATION | |
| fixed length control field | 101023s xx 000 0 eng d |
| 020 ## - INTERNATIONAL STANDARD BOOK NUMBER | |
| International Standard Book Number | 0789023407 : |
| 040 ## - CATALOGING SOURCE | |
| Original cataloging agency | KABU |
| Transcribing agency | KABU |
| 245 14 - TITLE STATEMENT | |
| Title | The Global enterprise : |
| Remainder of title | entrepreneurship and value creation / |
| Statement of responsibility, etc. | Riad A. Ajami, Marcia Marie Bear; editors. |
| 250 ## - EDITION STATEMENT | |
| Edition statement | 1st ed. |
| 260 ## - PUBLICATION, DISTRIBUTION, ETC. (IMPRINT) | |
| Place of publication, distribution, etc. | New York : |
| Name of publisher, distributor, etc. | International Business Press, |
| Date of publication, distribution, etc. | 2007. |
| 300 ## - PHYSICAL DESCRIPTION | |
| Extent | xxxvi, 353 p. |
| 650 #0 - SUBJECT ADDED ENTRY--TOPICAL TERM | |
| Topical term or geographic name as entry element | International business enterprises |
| General subdivision | Management. |
| -- | 0000150891 |
| 650 #0 - SUBJECT ADDED ENTRY--TOPICAL TERM | |
| Topical term or geographic name as entry element | International business enterprises |
| General subdivision | Technological innovations. |
| -- | 0000178973 |
| 650 #0 - SUBJECT ADDED ENTRY--TOPICAL TERM | |
| Topical term or geographic name as entry element | Knowledge management. |
| -- | 0000150510 |
| 650 #0 - SUBJECT ADDED ENTRY--TOPICAL TERM | |
| Topical term or geographic name as entry element | Value added. |
| -- | 0000178974 |
| 700 1# - ADDED ENTRY--PERSONAL NAME | |
| Personal name | Ajami, Riad A. |
| -- | 0000178975 |
| 700 1# - ADDED ENTRY--PERSONAL NAME | |
| Personal name | Bear, Marcia Marie. |
| -- | 0000178976 |
| 852 1# - LOCATION | |
| -- | p4550 KES |
| 908 ## - PUT COMMAND PARAMETER (RLIN) | |
| Put command parameter | 101023 |
| 950 ## - LOCAL HOLDINGS (RLIN) | |
| -- | 1 |
| Withdrawn status | Lost status | Source of classification or shelving scheme | Not for loan | Home library | Current library | Date acquired | Total Checkouts | Full call number | Barcode | Date last seen | Price effective from | Koha item type | Date last checked out | Copy number |
|---|---|---|---|---|---|---|---|---|---|---|---|---|---|---|
| Library of Congress Classification | Kabarak, Main Campus | Kabarak, Main Campus | 17/12/2015 | 1 | HD62.4 .G56 2007 c. 1 | 23793 | 02/08/2024 | 17/12/2015 | General Collection | 15/07/2016 | C.1 | |||
| Library of Congress Classification | Kabarak, Main Campus | Kabarak, Main Campus | 17/12/2015 | 1 | HD62.4 .G56 2007 c. 2 | 23411 | 02/08/2024 | 17/12/2015 | General Collection | 15/07/2016 | C.2 | |||
| Library of Congress Classification | Kabarak, Main Campus | Kabarak, Main Campus | 17/12/2015 | HD62.4 .G56 2007 c. 3 | 22595 | 02/08/2024 | 17/12/2015 | General Collection | ||||||
| Library of Congress Classification | Kabarak, Nakuru City Campus | Kabarak, Nakuru City Campus | 21/10/2015 | HD62.4 .G56 2007 c. 1 | 23363 | 21/10/2015 | 21/10/2015 | General Collection |